Daňové úniky a ekonomická realita
Motívy tieňovej ekonomiky. Dichotómia tieňovej ekonomiky a daňových únikov. Tieňová ekonomika v Európskej únii. Onshore vs. offshore centrá. Snahy o elimináciu daňových únikov. Najčastejšie formy daňových únikov v Slovenskej republike.
Salvato in:
| Autore principale: | |
|---|---|
| Natura: | Capitolo di libro |
| Lingua: | slovacco |
| Soggetti: | |
| Tags: |
Nessun Tag, puoi essere il primo ad aggiungerne!!
|
MARC
| LEADER | 00000nla a2200000 4500 | ||
|---|---|---|---|
| 001 | 0164180 | ||
| 005 | 20240502072848.5 | ||
| 041 | 0 | |a slo | |
| 044 | |a SK | ||
| 245 | 1 | 0 | |a Daňové úniky a ekonomická realita |c Anna Schultzová |
| 520 | |a Motívy tieňovej ekonomiky. Dichotómia tieňovej ekonomiky a daňových únikov. Tieňová ekonomika v Európskej únii. Onshore vs. offshore centrá. Snahy o elimináciu daňových únikov. Najčastejšie formy daňových únikov v Slovenskej republike. | ||
| 610 | 2 | 0 | |a dane z príjmov |
| 610 | 2 | 0 | |a únik daňový |
| 610 | 2 | 0 | |a dane z hodnoty pridanej |
| 610 | 2 | 0 | |a ekonomika tieňová |
| 610 | 2 | 0 | |a podnikanie v zahraničí |
| 610 | 2 | 0 | |a Európska únia |
| 610 | 2 | 0 | |a Slovensko |
| 100 | 1 | |a Schultzová, Anna | |